Normal view
MARC view
Entry Personal Name
001 - CONTROL NUMBER
- control field: 753
003 - CONTROL NUMBER IDENTIFIER
- control field: ARRUPE
005 - DATE AND TIME OF LATEST TRANSACTION
- control field: 20130919163935.0
008 - FIXED-LENGTH DATA ELEMENTS
- fixed length control field: 130919|| aca||aabn | a|a d
040 ## - CATALOGING SOURCE
- Original cataloging agency: ARRUPE
- Transcribing agency: ARRUPE
100 ## - HEADING--PERSONAL NAME
- Personal name: Kempe, Margery,
- Dates associated with a name: approximately 1373-
670 ## - SOURCE DATA FOUND
- Source citation: Work cat.: (ARRUPE)0: Kempe, Margery, approximately 1373- 752, The book of Margery Kempe /, c2004.